| 000 | 00516nam a2200205 i 4500 | ||
|---|---|---|---|
| 001 | bg | ||
| 100 | 1 | _aLERCH, Wojciech | |
| 245 | 1 | 0 |
_aSystem operacyjny QNX wersja 4.2 / _cWojciech Lerch. |
| 260 |
_aWrocław : _bQuantum, _c1995. |
||
| 300 |
_a156 s. : _brys. ; _c24 cm. |
||
| 504 | _aBibliogr. s. 126. - Indeks. | ||
| 630 | 0 | 9 | _aQNX |
| 020 | _a8385973001 | ||
| 040 | _cBPK | ||
| 041 |
_apa _bpl |
||
| 080 | _a004.451QNX | ||
| 920 | _a83-85973-00-1 | ||
| 942 | _cKS | ||
| 008 | s pl f |000 0 pol | ||
| 999 |
_c6981 _d6981 |
||
| 856 |
_uhttp://koha.tu.koszalin.pl/cgi-bin/koha/opac-detail.pl?biblionumber=6981 _yKatalog online BPK |
||